Busiest Railway Stations in Europe - Statistics

General Stats
  • This quiz has been taken 440 times
  • The average score is 24 of 35
Answer Stats
Country Passenger
Sum
Station % Correct
Germany 76.7 M Berlin Friedrichstraße
95%
Germany 110.0 M Berlin Hauptbahnhof
95%
France 107.9 M Paris Saint-Lazare
92%
Italy 150.0 M Roma Termini
91%
United Kingdom 94.3 M London Waterloo
90%
Italy 120.0 M Milano Centrale
89%
Germany 127.8 M München Hauptbahnhof
89%
Germany 200.7 M Hamburg Hauptbahnhof
88%
France 100.4 M Gare de Lyon
87%
United Kingdom 75.0 M London Victoria
87%
Germany 164.3 M Frankfurt (Main) Hauptbahnhof
85%
United Kingdom 67.0 M London Liverpool Street
85%
Austria 52.9 M Wien Hauptbahnhof
85%
Switzerland 154.6 M Zürich Hauptbahnhof
85%
Netherlands 67.4 M Amsterdam Centraal
83%
Spain 116.6 M Madrid Atocha
82%
Russia 71.6 M Moscow Kursky
80%
Russia 79.9 M Moscow Yaroslavsky
80%
Germany 102.0 M Köln Hauptbahnhof
76%
Finland 73.2 M Helsingin Päärautatieasema
73%
Austria 97.8 M Wien Mitte
69%
Norway 53.7 M Oslo sentralstasjon
68%
Germany 91.3 M Dusseldorf Hauptbahnhof
64%
Switzerland 67.2 M Bern
63%
Italy 70.0 M Torino Porta Nuova
63%
Germany 87.6 M Stuttgart Hauptbahnhof
60%
France 206.7 M Gare du Nord
59%
Italy 59.0 M Firenze Santa Maria Novella
48%
Germany 91.2 M Hannover Hauptbahnhof
47%
Netherlands 67.9 M Utrecht Centraal
47%
Italy 54.8 M Bologna Centrale
41%
Germany 65.7 M Nürnberg Hauptbahnhof
40%
Germany 62.1 M Essen Hauptbahnhof
37%
France 53.6 M Gare Montparnasse
13%
France 179.9 M Châtelet–Les Halles
10%
No matching quizzes found
Score Distribution
Percent of People with Each Score
Percentile by Number Answered
Your Score History
You have not taken this quiz